000 00341nam a2200157Ia 4500
008 210210b1951 xxu||||| |||| 00| 0 eng d
041 _aeng
082 _a872/159
100 _a-
245 _aUloor smarak randham
260 _a
_b-
_c1951
650 _akopanishath
650 _aBrihadharamya
690 _aMalayalam
906 _a002530
999 _c124501
_d124501